Music Quiz

Random Music Quiz

Lyrics to Pas De Deux by Dodie Quiz Stats

 Plays Quiz not verified by Sporcle

Support Sporcle.
Go Orange.
Score 0/291 Timer 10:00
0 Plays Today
% Correct
a
98.6%
a
98.6%
a
98.6%
a
98.6%
a
98.6%
a
98.6%
dancer
97.2%
and
97.2%
and
97.2%
to
97.2%
He
97.2%
her
97.2%
and
97.2%
an
97.2%
He
97.2%
she
97.2%
she
97.2%
and
97.2%
to
97.2%
to
97.2%
she
97.2%
to
97.2%
she
97.2%
and
97.2%
I
97.2%
and
97.2%
and
97.2%
I
97.2%
and
97.2%
to
97.2%
to
97.2%
and
97.2%
to
97.2%
he
97.2%
he
97.2%
she
97.2%
and
97.2%
her
97.2%
dancer
97.2%
her
97.2%
her
97.2%
and
97.2%
her
97.2%
he
97.2%
her
97.2%
and
97.2%
he
97.2%
her
97.2%
and
97.2%
Poppy's
95.8%
just
95.8%
turned
95.8%
boys
95.8%
who
95.8%
wear
95.8%
glasses
95.8%
comes
95.8%
with
95.8%
glasses
95.8%
love
95.8%
with
95.8%
but
95.8%
but
95.8%
comes
95.8%
but
95.8%
love
95.8%
with
95.8%
but
95.8%
No
95.8%
comes
95.8%
but
95.8%
love
95.8%
wear
95.8%
glasses
95.8%
but
95.8%
Poppy's
95.8%
with
95.8%
love
95.8%
love
95.8%
love
95.8%
Tommy
94.4%
not
94.4%
walking
94.4%
on
94.4%
full
94.4%
of
94.4%
so
94.4%
full
94.4%
of
94.4%
on
94.4%
Tommy
94.4%
on
94.4%
does
94.4%
you
94.4%
walking
94.4%
on
94.4%
eggshells
94.4%
% Correct
you
94.4%
full
94.4%
of
94.4%
not
94.4%
full
94.4%
of
94.4%
not
94.4%
be
94.4%
of
94.4%
pas
94.4%
de
94.4%
deux
94.4%
not
94.4%
be
94.4%
you
94.4%
walking
94.4%
on
94.4%
eggshells
94.4%
you
94.4%
full
94.4%
of
94.4%
not
94.4%
full
94.4%
of
94.4%
So
94.4%
Tommy
94.4%
of
94.4%
pas
94.4%
de
94.4%
deux
94.4%
walking
94.4%
on
94.4%
full
94.4%
of
94.4%
so
94.4%
full
94.4%
of
94.4%
walking
94.4%
on
94.4%
full
94.4%
of
94.4%
so
94.4%
full
94.4%
of
94.4%
so
94.4%
full
94.4%
of
94.4%
in
93%
in
93%
Are
93%
when
93%
are
93%
studio
93%
go
93%
in
93%
Are
93%
when
93%
are
93%
loves
93%
dances
93%
in
93%
studio
93%
16
91.5%
hand
91.5%
She's
91.5%
lifts
91.5%
She's
91.5%
belonging
91.5%
hand
91.5%
she's
91.5%
she's
91.5%
she's
91.5%
push
91.5%
shove
91.5%
belonging
91.5%
the
91.5%
was
91.5%
the
91.5%
the
91.5%
push
91.5%
shove
91.5%
belonging
91.5%
doesn't
91.5%
how
91.5%
he'll
91.5%
hand
91.5%
the
91.5%
She's
91.5%
lifts
91.5%
she's
91.5%
belonging
91.5%
lifts
91.5%
belonging
91.5%
at
90.1%
Here
90.1%
all
90.1%
above
90.1%
% Correct
hold
90.1%
old
90.1%
what
90.1%
told
90.1%
told
90.1%
what
90.1%
hold
90.1%
old
90.1%
above
90.1%
above
90.1%
Back
88.7%
where
88.7%
goodbye
88.7%
hello
88.7%
Sam
88.7%
fall
87.3%
says
87.3%
too
87.3%
says
87.3%
am
87.3%
is
87.3%
plans
85.9%
Things
85.9%
plans
85.9%
His
85.9%
his
85.9%
me
85.9%
disagrees
85.9%
performing
85.9%
yes
85.9%
Yes
85.9%
plans
85.9%
performing
85.9%
hard
84.5%
rivers
84.5%
get
84.5%
bit
84.5%
louder
84.5%
she'll
84.5%
up
84.5%
dancing
84.5%
focus
84.5%
as
84.5%
own
84.5%
rivers
84.5%
rivers
84.5%
stares
83.1%
look
83.1%
still
83.1%
bodies
83.1%
see
83.1%
magazines
81.7%
it's
81.7%
Tommy's
81.7%
Now
81.7%
given
81.7%
strong
81.7%
right
81.7%
right
81.7%
partner
81.7%
Flowers
80.3%
face
80.3%
lacking
80.3%
this
80.3%
focused
78.9%
smile's
78.9%
replaced
78.9%
what's
78.9%
won't
78.9%
him
78.9%
there
77.5%
defined
77.5%
by
77.5%
you'll
77.5%
ambitious
76.1%
worries
76.1%
anymore
76.1%
opens
74.6%
door
74.6%
trusting
74.6%
pair
74.6%
would
73.2%
intertwined
73.2%
aggressive
71.8%
minds
71.8%
They're
71.8%
they're
71.8%
They're
71.8%
else
70.4%
tension
67.6%
builds
67.6%
Souls
67.6%
hearts
67.6%
guilt
64.8%
Feeling
60.6%
sick
60.6%
while
53.5%

You're not logged in!

Compare scores with friends on all Sporcle quizzes.
OR
Log In

From the Vault

Hunger Games Tribute Match-Up

by titanjmg

No matter how many tributes there are in the Hunger Games, we'd still bet on the Girl on Fire.
Remove Ads.
Support Sporcle.
Get the best of Sporcle when you Go Orange. This ad-free experience offers more features, more stats, and more fun while also helping to support Sporcle. Thank you for becoming a member.

Show Comments

Extras

Created Feb 9, 2018ReportNominate
Tags:Deux, dodie, pas

Top Quizzes Today


Score Distribution

Your Account Isn't Verified!

In order to create a playlist on Sporcle, you need to verify the email address you used during registration. Go to your Sporcle Settings to finish the process.

Report this User

Report this user for behavior that violates our Community Guidelines.

Details: